[Event "Milan Crespi op-C 33rd"]
[Site "Milan"]
[Date "2012.12.05"]
[Round "1"]
[White "Milano, Maria"]
[Black "Bianchi, Angelo Massimo"]
[Result "0-1"]
[WhiteElo "1636"]
[BlackElo "1745"]
[PlyCount "104"]
[EventDate "2012.12.05"]
[EventType "swiss"]
[EventRounds "7"]
[EventCountry "ITA"]
[SourceTitle "EXT 2024"]
[Source "ChessBase"]
[SourceDate "2023.10.10"]
[SourceVersion "1"]
[SourceVersionDate "2023.10.10"]
[SourceQuality "1"]

1. c4 Nf6 2. Nc3 g6 3. g3 Bg7 4. Bg2 0-0 5. d3 d6 6. h3 c5 7. Nf3 Nc6 8. 0-0 Bd7 9. a3 Rb8 10. Rb1 a6 11. b4 cxb4 12. axb4 Qc8 13. Kh2 Ng4+ 14. hxg4 Bxc3 15. Bh6 Bg7 16. Bxg7 Kxg7 17. g5 b5 18. Qb3 Kg8 19. Rfc1 Be6 20. Qc3 bxc4 21. dxc4 Bf5 22. Rb2 Qd7 23. Rd1 Qa7 24. Nd4 Nxd4 25. Qxd4 Qxd4 26. Rxd4 Rfc8 27. e3 Be6 28. Bf1 Rb6 29. f4 Kf8 30. Kg2 Ke8 31. Kf3 Rcb8 32. b5 axb5 33. cxb5 Bd7 34. Rdb4 Bc6+ 35. e4 Bd7 36. Ke3 Ra8 37. Kd4 Ra3 38. R2b3 Rxb3 39. Rxb3 Kd8 40. Bd3 Kc7 41. Kc3 Rb8 42. Kb4 Kb6 43. Ra3 Bc8 44. Bc4 e6 45. g4 Bb7 46. Bd3 Rc8 47. f5 Rc1 48. fxe6 fxe6 49. Bc4 Re1 50. Rd3 Kc7 51. Bxe6 Rxe4+ 52. Bc4 d5 0-1